书目信息 |
| 题名: |
人民币的崛起
|
|
| 作者: | 董志龙 编著 | |
| 分册: | ||
| 出版信息: | 北京 当代世界出版社 2011 |
|
| 页数: | 134页 | |
| 开本: | 24cm | |
| 丛书名: | ||
| 单 册: | ||
| 中图分类: | F822.1 | |
| 科图分类: | ||
| 主题词: | 人民币--研究 | |
| 电子资源: | ||
| ISBN: | 978-7-5090-0476-0 | |
| 000 | 00861nam0 2200229 45 | |
| 001 | 1256853187 | |
| 005 | 20120626164623.93 | |
| 010 | @a978-7-5090-0476-0@dCNY22.00 | |
| 100 | @a20120626d2010 em y0chiy50 ea | |
| 101 | 0 | @achi |
| 102 | @aCN@b110000 | |
| 105 | @ay z 000yy | |
| 106 | @ar | |
| 200 | 1 | @a人民币的崛起@ARen Min Bi De Jue Qi@b专著@f董志龙编著@FDong Zhi Long Bian Zhu |
| 210 | @a北京@c当代世界出版社@d2011 | |
| 215 | @a134页@d24cm | |
| 330 | @a本书通过货币战略的国际,探讨了人民币战略。人民币战略就是从大国货币逐步成为强国货币,从中国货币逐渐成为世界货币,从固定汇率制逐步过渡到浮动汇率制,直至在未来多元化的世界货币体系中成为第三大支柱货币。 | |
| 606 | 0 | @a人民币@x研究 |
| 690 | @aF822.1@v4 | |
| 701 | 0 | @a董志龙@ADong Zhi Long@f(1966-)@4编著 |
| 801 | 0 | @aCN@b大连网信软件有限公司图书馆·11@c20120626 |
| 905 | @b0815777-81@dF822.1@e57@f5 | |
| 人民币的崛起/董志龙编著.-北京:当代世界出版社,2011 |
| 134页;24cm |
| ISBN 978-7-5090-0476-0:CNY22.00 |
| 本书通过货币战略的国际,探讨了人民币战略。人民币战略就是从大国货币逐步成为强国货币,从中国货币逐渐成为世界货币,从固定汇率制逐步过渡到浮动汇率制,直至在未来多元化的世界货币体系中成为第三大支柱货币。 |
| ● |
| 相关链接 |
|
|
|
|
正题名:人民币的崛起
索取号:F822.1/57
 
预约/预借
| 序号 | 登录号 | 条形码 | 馆藏地/架位号 | 状态 | 备注 |
| 1 | 0815777 | 208157778 | 第一样本阅览室/ [索取号:F822.1/57] | 在馆 | |
| 2 | 0815778 | 208157787 | 第一借阅区/ [索取号:F822.1/57] | 在馆 | |
| 3 | 0815779 | 208157796 | 第一借阅区/ [索取号:F822.1/57] | 在馆 | |
| 4 | 0815780 | 208157803 | 第一借阅区/ [索取号:F822.1/57] | 在馆 | |
| 5 | 0815781 | 208157812 | 第一借阅区/ [索取号:F822.1/57] | 在馆 |